Quiz mathématique rapide, juste un petit - quiz 19 - Statistiques

Statistiques générales
  • Ce quiz a été pris 92 fois
  • Le résultat moyen est 14 sur 20
Statistiques - réponses
Hint Réponse % Correct
358 : 2 = 179
92%
846 423
86%
60 30
81%
88 44
81%
124 62
81%
524 262
77%
812 406
77%
688 344
76%
970 485
76%
666 333
72%
944 472
72%
1248 624
72%
390 195
70%
298 149
64%
1148 574
62%
568 284
59%
678 339
55%
498 249
54%
776 388
53%
1296 648
50%
Aucun quiz correspondant
Distribution des résultats
% des personnes avec chaque résultat
Percentile par nombre de réponses
Votre historique - résultats
Vous n’avez pas pris ce quiz